| 000 | 00932nam a2200205Ia 4500 | ||
|---|---|---|---|
| 003 | Ost | ||
| 005 | 20260507075116.0 | ||
| 008 | 260507s9999||||xx |||||||||||||| ||und|| | ||
| 040 | _cfsecg | ||
| 041 | _aara | ||
| 082 | _a350 | ||
| 100 |
_aمهنا، محمد نصر _eمؤلف |
||
| 245 | 0 |
_aتحديث في الإدارة العامة والمحلية / _c محمد نصر مهنا |
|
| 260 |
_aالإسكندرية: _bمؤسسة الجامعة, _c2005 |
||
| 300 |
_a415 صفحة؛ _bإيضاحات ؛ _c24 سم |
||
| 520 | _aماهية الإدارة العامة وعلاقتها بالعلوم الإجتماعية- التخطيط- التنظيم- القيادة الإدارية- التدريب في الإدارة المحلية- إتجاهات معاصرة في تطوير نظام الإدارة المحلية | ||
| 653 | _aالإدارة العامة | ||
| 653 | _aالإدارة المحلية | ||
| 942 | _cكتاب | ||
| 999 |
_c43014 _d43014 |
||